000 01318nam a22002177a 4500
003 OSt
005 20211018121230.0
008 180817s2020 dr grl 000 0 spaspa
020 _a9789945610345
040 _aDO-SdBNP
_bspa
_cBPMSU
082 _a340
_bR426l 2020
_222
110 2 _aRepública Dominicana :
_bTribunal constitucional
245 1 0 _aLeyes sobre símbolos patrios :
_bley 210-19: que regula el uso de los símbolos patrios de la República Dominicana : ley no. 193-19 dispone que las imágenes de los patricios Juan Pablo Duarte, Francisco del Rosario Sánchez Ramón Matías Mella sean colocados en todas las instituciones públicas del país
246 1 3 _aLeyes sobre símbolos patrios :
_bLey 193-19 dispone que las imágenes de los patricios Juan Pablo Duarte, Francisco del Rosario Sánchez Ramón Matías Mella sean colocados en todas las instituciones públicas del país
260 _aSanto Domingo :
_bTribunal Constitucional,
_c2020.
300 _a43 p. ;
_c23 cm.
500 _aLey No. 193-19 dispone que las imágenes de los patricios Juan Pablo Duarte, Francisco del Rosario Sánchez y Ramón Matías Mella sean colocadas en todas las instituciones públicas del país. G. O. No. 10945 del 24 de junio de 2019.
590 _aInventariado, 2021VM
910 _aVMateo V.
942 _2ddc
_cBK
999 _c13797
_d13797